Diàleg amb eurodiputats : l'aplicació del principi de subsidiarietat l'aplicació del principi de subsidiarietat
ISBN:
978-84-393-7988-1
Descripción Física:
194 p. ; 26 cm
Colección:
Testimonis parlamentaris ; 28
MARC
| LEADER | 00000nam a2200000Ia 4500 | ||
|---|---|---|---|
| 001 | 21262 | ||
| 008 | 160829s2009 xx 000 0 cat d | ||
| 020 | |a 978-84-393-7988-1 | ||
| 080 | |a M-4-20 | ||
| 100 | |a Conferència de les Assemblees Legislatives Regionals Europees. Seminari (2008 : Barcelona) |9 43875 | ||
| 245 | |a Diàleg amb eurodiputats : |b l'aplicació del principi de subsidiarietat | ||
| 260 | |a Barcelona : |b Parlament de Catalunya, |c 2009 | ||
| 300 | |a 194 p. ; |c 26 cm | ||
| 490 | |a Testimonis parlamentaris ; 28 | ||
| 590 | |a Text en català, castellà, italià i anglès. | ||
| 590 | |a Traduccions al català, castellà i anglès. | ||
| 590 | |a Seminari celebrat el 10 d'octubre de 2008. | ||
| 650 | |a Subsidiarietat (Dret comunitari) |x Congressos |9 43876 | ||
| 710 | 1 | |a Catalunya. |b Parlament |9 11492 | |
| 901 | |a Arxiu | ||
| 942 | |n 1 | ||
| 952 | |0 0 |1 0 |4 0 |6 M420 |7 1 |9 51658 |a Arxiu |b Arxiu |d 2016-12-01 |l 0 |o M-4-20 |p 21262 |r 2016-12-01 00:00:00 |w 2016-12-01 |y ARXIU | ||
| 999 | |c 55503 |d 55503 | ||